000 00707nam a2200265Ia 4500
005 20260302114159.0
008 008 260114s9999 xx 000 0 eng d
020 _a9798881810184
037 _aTextbook
040 _aCRL
040 _beng
040 _cCRL
041 _2eng
041 _aeng
084 _qCRL
100 _aMatthew MacKenzie
_91118001
245 0 _aBuddhist Philosophy and the Embodied Mind A Constructive Engagement
260 _bBloomsbury
260 _bRowman & Littlefield
260 _c2022
650 _aPhilosophy
856 _uhttps://doi.org/10.5040/9798881810184?locatt=label:secondary_bloomsburyCollections
942 _cEBOOK
999 _c1681628
_d1681628